000 00203 a2200097 4500
001 12056
100 _aAdams, Cindy
245 _aPas Che baed kird
260 _a
_bSh Ghulam Ali
_c
090 _c9308
_d9308
942 _aNUST-CAE
_cM
_c36165
999 _c247129
_d247129